Statistiques concernant Plus vieilles universités d'Europe.

Cliquez ici pour prendre le quiz!

Statistiques générales

  • Ce quiz a été pris 118 fois
  • Le résultat moyen est 5 sur 10

Statistiques - réponses

IndiceRéponse% Correct
Depuis 1096 - AngleterreUniversité Oxford
93%
Depuis 1200 (supprimée en 1793 et recréée en 1896, divisée en plusieurs universités en 1971) - FranceUniversité de Paris
82%
Depuis 1209 - AngleterreUniversité de Cambridge
78%
Depuis 1224 - ItalieUniversité de Naples
72%
Depuis 1088 - ItalieUniversité de Bologne
71%
Depuis 1220 (Plus vieille école de médecine Européenne) - France.Ecole de médecine de Montpellier
50%
Depuis 1222 - ItalieUniversité de Padoue
35%
Depuis 1218 - EspagneUniversité de Salamanque
29%
Depuis 962 - ItalieUniversité de Parme
22%
Depuis 1175 - ItalieUniversité de Modène
12%

Distribution des résultats

Percentile par nombre de réponses

% des personnes avec chaque résultat

Votre développement - résultats

Vous n’avez pas pris ce quiz